<?xml version="1.0" encoding="UTF-8"?>
<record
    xmlns:xsi="http://www.w3.org/2001/XMLSchema-instance"
    xsi:schemaLocation="http://www.loc.gov/MARC21/slim http://www.loc.gov/standards/marcxml/schema/MARC21slim.xsd"
    xmlns="http://www.loc.gov/MARC21/slim">

  <leader>01856nam a22003137a 4500</leader>
  <datafield tag="952" ind1=" " ind2=" ">
    <subfield code="0">0</subfield>
    <subfield code="1">0</subfield>
    <subfield code="2">lcc</subfield>
    <subfield code="4">0</subfield>
    <subfield code="7">0</subfield>
    <subfield code="a">09</subfield>
    <subfield code="b">09</subfield>
    <subfield code="d">2019-07-18</subfield>
    <subfield code="l">0</subfield>
    <subfield code="o">UA603 S44</subfield>
    <subfield code="p">26 000055</subfield>
    <subfield code="r">2019-07-18</subfield>
    <subfield code="t">1</subfield>
    <subfield code="w">2019-07-18</subfield>
    <subfield code="y">LB</subfield>
  </datafield>
  <datafield tag="952" ind1=" " ind2=" ">
    <subfield code="0">0</subfield>
    <subfield code="1">0</subfield>
    <subfield code="2">lcc</subfield>
    <subfield code="4">0</subfield>
    <subfield code="7">0</subfield>
    <subfield code="a">09</subfield>
    <subfield code="b">09</subfield>
    <subfield code="d">2019-07-18</subfield>
    <subfield code="l">0</subfield>
    <subfield code="o">UA603 S44</subfield>
    <subfield code="p">26 000056</subfield>
    <subfield code="r">2019-07-18</subfield>
    <subfield code="t">2</subfield>
    <subfield code="w">2019-07-18</subfield>
    <subfield code="y">LB</subfield>
  </datafield>
  <datafield tag="952" ind1=" " ind2=" ">
    <subfield code="0">0</subfield>
    <subfield code="1">0</subfield>
    <subfield code="2">lcc</subfield>
    <subfield code="4">0</subfield>
    <subfield code="7">0</subfield>
    <subfield code="a">09</subfield>
    <subfield code="b">09</subfield>
    <subfield code="d">2019-07-18</subfield>
    <subfield code="l">1</subfield>
    <subfield code="o">UA603 S44</subfield>
    <subfield code="p">26 000057</subfield>
    <subfield code="r">2020-02-17</subfield>
    <subfield code="s">2020-02-17</subfield>
    <subfield code="t">3</subfield>
    <subfield code="w">2019-07-18</subfield>
    <subfield code="y">LB</subfield>
  </datafield>
  <datafield tag="999" ind1=" " ind2=" ">
    <subfield code="c">104343</subfield>
    <subfield code="d">104343</subfield>
  </datafield>
  <controlfield tag="003">OSt</controlfield>
  <controlfield tag="005">20231102152114.0</controlfield>
  <controlfield tag="008">190718s    2010mx            000 0 spa d</controlfield>
  <datafield tag="020" ind1=" " ind2=" ">
    <subfield code="a">9786074621112 (obra completa)</subfield>
  </datafield>
  <datafield tag="020" ind1=" " ind2=" ">
    <subfield code="a">9786074621273 (volumen XV)</subfield>
  </datafield>
  <datafield tag="040" ind1=" " ind2=" ">
    <subfield code="a">UIN</subfield>
  </datafield>
  <datafield tag="050" ind1=" " ind2="4">
    <subfield code="a">UA603</subfield>
    <subfield code="b">S44</subfield>
  </datafield>
  <datafield tag="245" ind1="0" ind2="0">
    <subfield code="a">Seguridad nacional y seguridad interior </subfield>
    <subfield code="c"> / Arturo Alvarado y M&#xF3;nica Serrano coordinadores</subfield>
  </datafield>
  <datafield tag="250" ind1=" " ind2=" ">
    <subfield code="a">1a. edici&#xF3;n </subfield>
  </datafield>
  <datafield tag="260" ind1=" " ind2=" ">
    <subfield code="a">M&#xE9;xico</subfield>
    <subfield code="b"> : El Colegio de M&#xE9;xico</subfield>
    <subfield code="c"> , 2010 </subfield>
  </datafield>
  <datafield tag="300" ind1=" " ind2=" ">
    <subfield code="a">261 p&#xE1;ginas</subfield>
  </datafield>
  <datafield tag="490" ind1="0" ind2=" ">
    <subfield code="a">Los grandes problemas de M&#xE9;xico</subfield>
    <subfield code="v"> ; 15</subfield>
  </datafield>
  <datafield tag="504" ind1=" " ind2=" ">
    <subfield code="a">Bibliograf&#xED;a al final de cada cap&#xED;tulo </subfield>
  </datafield>
  <datafield tag="505" ind1="0" ind2=" ">
    <subfield code="a">La respuesta del gobierno de Calder&#xF3;n al desaf&#xED;o del narcotr&#xE1;fico: entre lo malo y lo peor
Movimientos guerrilleros y los servicios de inteligencia.(notas reiteradas y nuevas conclusiones)
Los fracasos del chantaje. R&#xE9;gimen de prohibici&#xF3;n de dorgas y narcotr&#xE1;fico
Las fuerzas armadas mexicanas en a seguridad p&#xFA;blica y la seguridad nacional
Inteligencia y seguridad nacional. Apuntes y reflexiones
La actuaci&#xF3;n de las fuerzas armadas en la seguridad p&#xFA;blica en M&#xE9;xico y Brasil: una visi&#xF3;n comparada
Seguridad y migraci&#xF3;n en la frontera sur
Panorama del homicidio en M&#xE9;xico.  Esquema de an&#xE1;lisis territorial 1990-2007
el piadoso olvido: el PAN y los derechos humanos</subfield>
  </datafield>
  <datafield tag="519" ind1=" " ind2=" ">
    <subfield code="a">Modalidad Ejecutiva / </subfield>
    <subfield code="b">Relaciones Internacionales / </subfield>
    <subfield code="c">Seguridad Nacional e Internacional (130501D20) / </subfield>
    <subfield code="d">(26 000055) </subfield>
  </datafield>
  <datafield tag="519" ind1=" " ind2=" ">
    <subfield code="a">Material Complementario / </subfield>
    <subfield code="d">(26 000056)</subfield>
  </datafield>
  <datafield tag="519" ind1=" " ind2=" ">
    <subfield code="a">Material Complementario / </subfield>
    <subfield code="d">(26 000057)</subfield>
  </datafield>
  <datafield tag="650" ind1=" " ind2="4">
    <subfield code="a">SEGURIDAD NACIONAL</subfield>
    <subfield code="x">HISTORIA</subfield>
    <subfield code="z">MEXICO</subfield>
  </datafield>
  <datafield tag="650" ind1=" " ind2="4">
    <subfield code="a">CONTROL DE DROGAS</subfield>
    <subfield code="z">M&#xC9;XICO</subfield>
  </datafield>
  <datafield tag="651" ind1=" " ind2="4">
    <subfield code="a">M&#xC9;XICO</subfield>
    <subfield code="x">FUERZAS ARMADAS </subfield>
    <subfield code="x">HISTORIA </subfield>
    <subfield code="y">SIGLO XX</subfield>
  </datafield>
  <datafield tag="700" ind1="1" ind2=" ">
    <subfield code="a">Alvarado, Arturo </subfield>
    <subfield code="e"> , coordinador </subfield>
  </datafield>
  <datafield tag="700" ind1="1" ind2=" ">
    <subfield code="a">Serrano, M&#xF3;nica </subfield>
    <subfield code="e"> , coordinador </subfield>
  </datafield>
  <datafield tag="942" ind1=" " ind2=" ">
    <subfield code="c">LB</subfield>
  </datafield>
</record>
